[Event "Wch U14 Girls"]
[Site "Montesilvano"]
[Date "2023.11.24"]
[Round "11"]
[White "Li Chen, Helena Joana"]
[Black "Wojs, Alicja"]
[Result "1-0"]
[WhiteElo "1799"]
[BlackElo "1630"]
[PlyCount "75"]
[EventDate "2023.11.13"]
[EventType "swiss"]
[EventRounds "11"]
[EventCountry "ITA"]
[SourceTitle "CB48_2023"]
[SourceDate "2023.11.29"]
[SourceVersion "1"]
[SourceVersionDate "2023.11.29"]
[SourceQuality "1"]

1. e4 c5 2. Nf3 e6 3. d4 cxd4 4. Nxd4 Nc6 5. Nc3 Qc7 6. a3 a6 7. Be3 Nf6 8. f4 b5 9. e5 Nxd4 10. Bxd4 Nd5 11. Nxd5 exd5 12. b4 Be7 13. Bd3 Bb7 14. 0-0 0-0-0 15. c3 f6 16. a4 fxe5 17. fxe5 Rdf8 18. axb5 Rxf1+ 19. Qxf1 Rf8 20. Qe2 axb5 21. Bxb5 Rf4 22. e6 Re4 23. Bxd7+ Kd8 24. Qf2 Rxd4 25. cxd4 Bxb4 26. Rf1 Qd6 27. Qh4+ Kc7 28. Rc1+ Kb8 29. Qd8+ Ka7 30. Ra1+ Ba6 31. e7 Qf4 32. Rxa6+ Kxa6 33. Qa8+ Kb6 34. Qc6+ Ka7 35. Qa4+ Kb6 36. Qxb4+ Kc7 37. e8Q Qc1+ 38. Qee1 1-0

[Event "Wch U14 Girls"]
[Site "Montesilvano"]
[Date "2023.11.22"]
[Round "9"]
[White "Wojs, Alicja"]
[Black "Arzur, Maia"]
[Result "1-0"]
[WhiteElo "1630"]
[BlackElo "1997"]
[PlyCount "91"]
[EventDate "2023.11.13"]
[EventType "swiss"]
[EventRounds "11"]
[EventCountry "ITA"]
[SourceTitle "CB48_2023"]
[SourceDate "2023.11.29"]
[SourceVersion "1"]
[SourceVersionDate "2023.11.29"]
[SourceQuality "1"]

1. e4 c5 2. Nf3 d6 3. d4 cxd4 4. Nxd4 Nf6 5. Nc3 a6 6. g3 e5 7. Nde2 Be7 8. Bg2 b5 9. 0-0 Bb7 10. h3 Nbd7 11. Nd5 Bxd5 12. exd5 0-0 13. Be3 Qc7 14. Qd2 Rfc8 15. Rfc1 Nb6 16. b3 Qb7 17. f4 e4 18. Bxb6 Qxb6+ 19. Qd4 Bd8 20. Kh2 Qxd4 21. Nxd4 Rc3 22. Nf5 Bc7 23. a4 b4 24. a5 Re8 25. Bf1 g6 26. Nd4 Ra8 27. Bc4 Bb8 28. Nc6 Ba7 29. Nxa7 Rxa7 30. Ra4 Nd7 31. Rxb4 f5 32. Kg2 h6 33. h4 Kf7 34. Be2 Nc5 35. Rc4 Rxc4 36. Bxc4 g5 37. Kf2 Kf6 38. hxg5+ hxg5 39. Rh1 gxf4 40. gxf4 Kg7 41. Ke3 Ra8 42. b4 Nd7 43. Be2 Nf6 44. c4 Kf7 45. Kd4 Rb8 46. b5 1-0

[Event "POL-ch Blitz U18 Girls"]
[Site "Bydgoszcz"]
[Date "2023.08.31"]
[Round "9"]
[White "Wojs, Alicja"]
[Black "Babinska, Liwia"]
[Result "1-0"]
[WhiteElo "1706"]
[BlackElo "1296"]
[PlyCount "85"]
[EventDate "2023.08.28"]
[EventType "swiss"]
[EventRounds "9"]
[EventCountry "POL"]
[SourceTitle "EXT 2024"]
[Source "ChessBase"]
[SourceDate "2023.10.10"]
[SourceVersion "1"]
[SourceVersionDate "2023.10.10"]
[SourceQuality "1"]

1. e4 c5 2. Nf3 Nc6 3. d4 cxd4 4. Nxd4 g6 5. c4 Bg7 6. Be3 Nf6 7. Nc3 0-0 8. Be2 d6 9. 0-0 Bd7 10. Qd2 Nxd4 11. Bxd4 Be6 12. f3 a6 13. Rac1 Rc8 14. Nd5 Nxd5 15. exd5 Bxd4+ 16. Qxd4 Bf5 17. b4 b6 18. Rfe1 a5 19. a3 axb4 20. axb4 Ra8 21. Bd1 Qc7 22. Bb3 Ra3 23. Qb2 Rfa8 24. Ra1 Rxa1 25. Rxa1 Rxa1+ 26. Qxa1 b5 27. Qd4 bxc4 28. Bxc4 Qb7 29. b5 Qa8 30. h3 Bc8 31. b6 Bb7 32. Kh2 Qd8 33. Bb5 Bxd5 34. Qxd5 Qxb6 35. Be8 e6 36. Qd3 Qc7 37. Qd4 d5+ 38. f4 g5 39. Qe5 Qc8 40. Qxg5+ Kh8 41. Bxf7 Qf8 42. Qf6+ Qg7 43. Qd8+ 1-0

[Event "POL-ch Blitz U18 Girls"]
[Site "Bydgoszcz"]
[Date "2023.08.31"]
[Round "2"]
[White "Wojs, Alicja"]
[Black "Michalska, Lena"]
[Result "1-0"]
[WhiteElo "1706"]
[BlackElo "1351"]
[PlyCount "79"]
[EventDate "2023.08.28"]
[EventType "swiss"]
[EventRounds "9"]
[EventCountry "POL"]
[SourceTitle "EXT 2024"]
[Source "ChessBase"]
[SourceDate "2023.10.10"]
[SourceVersion "1"]
[SourceVersionDate "2023.10.10"]
[SourceQuality "1"]

1. e4 g6 2. d4 Bg7 3. Nc3 d6 4. f4 a6 5. Nf3 b5 6. a3 Bb7 7. Bd3 Nd7 8. e5 c5 9. dxc5 Nxc5 10. Be3 Nxd3+ 11. cxd3 Bxf3 12. Qxf3 dxe5 13. fxe5 Bxe5 14. Qc6+ Kf8 15. 0-0 Bg7 16. Rad1 Nf6 17. Ne4 Rc8 18. Qxa6 Nd5 19. Bf2 h5 20. Ng5 Bf6 21. Ne4 Nc7 22. Qc6 Ne6 23. Qxb5 Rb8 24. Qc6 Bxb2 25. a4 Rb6 26. Bxb6 Qb8 27. Qxe6 Rh7 28. Ng5 Ke8 29. Qc6+ Kf8 30. Nxh7+ Kg7 31. Ng5 f6 32. Ne6+ Kf7 33. d4 Ba3 34. d5 Bd6 35. a5 Bxh2+ 36. Kh1 Bd6 37. a6 h4 38. a7 Qh8 39. a8Q Qh6 40. Qae8# 1-0

[Event "POL-ch Rapid U18 Girls"]
[Site "Bydgoszcz"]
[Date "2023.08.30"]
[Round "7"]
[White "Borowik, Monika"]
[Black "Wojs, Alicja"]
[Result "1-0"]
[WhiteElo "1467"]
[BlackElo "1926"]
[PlyCount "149"]
[EventDate "2023.08.28"]
[EventType "swiss"]
[EventRounds "11"]
[EventCountry "POL"]
[SourceTitle "EXT 2024"]
[Source "ChessBase"]
[SourceDate "2023.10.10"]
[SourceVersion "1"]
[SourceVersionDate "2023.10.10"]
[SourceQuality "1"]

1. d4 Nf6 2. c4 e6 3. Nf3 b6 4. Bf4 Bb7 5. e3 Be7 6. h3 0-0 7. Nc3 d6 8. Be2 Nbd7 9. 0-0 Re8 10. d5 Nc5 11. b4 Nce4 12. Nxe4 Nxe4 13. Qd3 Nf6 14. e4 Bf8 15. Nd2 Qe7 16. Bf3 Rab8 17. Rad1 Nd7 18. Qc3 g6 19. Be3 Bg7 20. Bd4 e5 21. Be3 Bc8 22. Nb3 Nf8 23. c5 bxc5 24. bxc5 f5 25. Na5 Ra8 26. Nc6 Qd7 27. cxd6 cxd6 28. Qa5 a6 29. Rc1 Bb7 30. Bb6 Rec8 31. exf5 gxf5 32. Qa4 Ng6 33. Rc2 Ne7 34. Rfc1 e4 35. Nxe7+ Qxe7 36. Rc7 Qe5 37. Qd7 Rxc7 38. Rxc7 Bxd5 39. Bd1 Bxa2 40. Be3 Be6 41. Qc6 Qd5 42. Bb3 Qxc6 43. Bxe6+ Kf8 44. Rxc6 a5 45. Rc8+ Rxc8 46. Bxc8 Bb2 47. Bxf5 a4 48. Bxe4 a3 49. Bd5 Ke7 50. Kf1 Kf6 51. Ke2 Ke5 52. Ba2 h5 53. Kd3 d5 54. f4+ Kd6 55. Bd4 Bc1 56. Be5+ Ke6 57. Kc2 Be3 58. g4 hxg4 59. hxg4 Bc5 60. Kd3 Bb6 61. Bd4 Bc7 62. f5+ Kd6 63. g5 Bd8 64. Bf6 Bxf6 65. gxf6 Kd7 66. Bxd5 Kd6 67. f7 Ke7 68. Ke4 Kf8 69. Ke5 Ke7 70. Kf4 Kf8 71. Kg5 Kg7 72. Kh5 Kf8 73. Kh6 a2 74. Bxa2 Ke7 75. Kg7 1-0

[Event "POL-ch Rapid U18 Girls"]
[Site "Bydgoszcz"]
[Date "2023.08.30"]
[Round "10"]
[White "Strzoda, Natalia"]
[Black "Wojs, Alicja"]
[Result "1-0"]
[WhiteElo "1151"]
[BlackElo "1926"]
[PlyCount "59"]
[EventDate "2023.08.28"]
[EventType "swiss"]
[EventRounds "11"]
[EventCountry "POL"]
[SourceTitle "EXT 2024"]
[Source "ChessBase"]
[SourceDate "2023.10.10"]
[SourceVersion "1"]
[SourceVersionDate "2023.10.10"]
[SourceQuality "1"]

1. e4 c5 2. Nf3 e6 3. c3 d5 4. exd5 exd5 5. d4 Nf6 6. Bg5 Bg4 7. Be2 Nc6 8. 0-0 Be7 9. h3 Bh5 10. Bxf6 Bxf6 11. dxc5 0-0 12. Re1 Rc8 13. Nd4 Bxe2 14. Rxe2 Re8 15. Rxe8+ Qxe8 16. Na3 Ne5 17. b4 a6 18. Qd2 Qd7 19. Rd1 Qa4 20. Nac2 Nc4 21. Qc1 Qxa2 22. Ne3 Bg5 23. Qc2 Qxc2 24. Ndxc2 Na3 25. Nxa3 g6 26. Rxd5 Bf6 27. Rd3 Kf8 28. Nac4 Rc6 29. Nd5 Be5 30. Nxe5 1-0

[Event "EU-ch Rapid"]
[Site "Katowice"]
[Date "2022.12.17"]
[Round "1"]
[White "Kirk, Ezra"]
[Black "Wojs, Alicja"]
[Result "1-0"]
[WhiteElo "2432"]
[BlackElo "1568"]
[PlyCount "117"]
[EventDate "2022.12.17"]
[EventType "swiss (rapid)"]
[EventRounds "11"]
[EventCountry "POL"]
[SourceTitle "CBM 211 Extra"]
[Source "ChessBase"]
[SourceDate "2023.01.31"]
[SourceVersion "1"]
[SourceVersionDate "2023.01.31"]
[SourceQuality "1"]

1. d4 Nf6 2. Nf3 e6 3. Bf4 d5 4. Nbd2 Be7 5. e3 0-0 6. h3 Nbd7 7. c3 c5 8. Bd3 a6 9. 0-0 c4 10. Bc2 b5 11. Ne5 Bb7 12. Ndf3 b4 13. Re1 Nxe5 14. Nxe5 Nd7 15. e4 Nxe5 16. Bxe5 bxc3 17. bxc3 Bd6 18. Bxd6 Qxd6 19. e5 Qa3 20. Re3 f5 21. exf6 Rxf6 22. Qb1 Bc6 23. Bxh7+ Kh8 24. Bc2 Raf8 25. f3 Bb5 26. Qc1 Qd6 27. Re5 Be8 28. a4 Bg6 29. Bxg6 Rxg6 30. Qe3 Rf5 31. Re1 Rxe5 32. Qxe5 Qa3 33. Qe3 Qxa4 34. Kh2 Qd7 35. Rb1 Kh7 36. f4 Qa4 37. Rf1 Qc2 38. Rf2 Qf5 39. Ra2 Rf6 40. Rxa6 Qxf4+ 41. Qxf4 Rxf4 42. Rxe6 Rf2 43. Re3 Kg6 44. Kg3 Rc2 45. h4 Kh5 46. Re5+ Kh6 47. Re3 Kh5 48. Kh3 g6 49. g4+ Kh6 50. Kg3 Kg7 51. Kf4 Rh2 52. Ke5 Rxh4 53. Rg3 Rh8 54. Kxd5 Rc8 55. g5 Kf7 56. Re3 Kg7 57. Kd6 Rd8+ 58. Kc7 Rf8 59. d5 1-0

[Event "Jastrzebie Zdroj op"]
[Site "Jastrzebie Zdroj"]
[Date "2022.11.26"]
[Round "9"]
[White "Wojs, Alicja"]
[Black "Figa, Karolina"]
[Result "1/2-1/2"]
[WhiteElo "1434"]
[BlackElo "1616"]
[PlyCount "61"]
[EventDate "2022.11.19"]
[EventType "swiss"]
[EventRounds "9"]
[EventCountry "POL"]
[SourceTitle "CBM 211 Extra"]
[Source "ChessBase"]
[SourceDate "2023.01.31"]
[SourceVersion "1"]
[SourceVersionDate "2023.01.31"]
[SourceQuality "1"]

1. e4 c6 2. d4 d5 3. Nd2 dxe4 4. Nxe4 Nf6 5. Nxf6+ exf6 6. Bc4 Bd6 7. Ne2 0-0 8. 0-0 Re8 9. Bf4 Bxf4 10. Nxf4 Qd6 11. Ne2 Be6 12. Bd3 Nd7 13. c3 Rad8 14. Qc2 Nf8 15. Rad1 Bg4 16. f3 Bh5 17. Ng3 Bg6 18. Bxg6 Nxg6 19. Rfe1 Re6 20. Re4 Rde8 21. Rde1 Nf4 22. Rxe6 fxe6 23. Ne4 Qd5 24. Qb3 Qxb3 25. axb3 Rd8 26. Ra1 Ra8 27. Nd6 b6 28. Nc4 Nd5 29. b4 Kf8 30. g3 g5 31. Kf2 1/2-1/2

[Event "Jastrzebie Zdroj op"]
[Site "Jastrzebie Zdroj"]
[Date "2022.11.24"]
[Round "7"]
[White "Adamczyk, Piotr"]
[Black "Wojs, Alicja"]
[Result "1/2-1/2"]
[WhiteElo "1739"]
[BlackElo "1434"]
[PlyCount "63"]
[EventDate "2022.11.19"]
[EventType "swiss"]
[EventRounds "9"]
[EventCountry "POL"]
[SourceTitle "CBM 211 Extra"]
[Source "ChessBase"]
[SourceDate "2023.01.31"]
[SourceVersion "1"]
[SourceVersionDate "2023.01.31"]
[SourceQuality "1"]

1. d4 d5 2. Nf3 Nf6 3. e3 Bf5 4. Bd3 Bxd3 5. Qxd3 c6 6. Nbd2 e6 7. 0-0 Be7 8. Ne5 0-0 9. f4 c5 10. c3 Nbd7 11. b3 Rc8 12. Bb2 a6 13. a3 b5 14. a4 c4 15. bxc4 dxc4 16. Qe2 Nxe5 17. fxe5 Nd5 18. e4 Nxc3 19. Bxc3 b4 20. Qe3 Bg5 21. Qg3 bxc3 22. Qxc3 Bxd2 23. Qxd2 c3 24. Qd3 Qa5 25. d5 c2 26. Rac1 Qxa4 27. Rf2 Rc4 28. dxe6 Rd4 29. exf7+ Rxf7 30. Qxc2 Qxc2 31. Rfxc2 Rxe4 32. Rc8+ 1/2-1/2

[Event "Bohumin op 5th"]
[Site "Bohumin"]
[Date "2022.07.02"]
[Round "1"]
[White "Wojs, Alicja"]
[Black "Fargac, Martin"]
[Result "0-1"]
[WhiteElo "1566"]
[BlackElo "2302"]
[PlyCount "74"]
[EventDate "2022.07.02"]
[EventType "swiss"]
[EventRounds "9"]
[EventCountry "CZE"]
[SourceTitle "CBM 209 Extra"]
[Source "ChessBase"]
[SourceDate "2022.09.30"]
[SourceVersion "1"]
[SourceVersionDate "2022.09.30"]
[SourceQuality "1"]

1. e4 d5 2. exd5 Nf6 3. Nc3 Nxd5 4. Bc4 Nb6 5. Bb3 Nc6 6. h3 Nd4 7. Nf3 Nxb3 8. axb3 Bf5 9. d4 e6 10. Bf4 Bd6 11. Qd2 Bxf4 12. Qxf4 Bxc2 13. Rc1 Bxb3 14. Nb5 0-0 15. Nxc7 Rc8 16. Nb5 Qf6 17. Qd2 Rxc1+ 18. Qxc1 Rc8 19. Nc3 Bd5 20. Qd1 Bxf3 21. Qxf3 Qxf3 22. gxf3 Rc4 23. 0-0 g6 24. Rd1 Rb4 25. Ra1 a6 26. Ne4 Rxb2 27. Nd6 Nd5 28. Rc1 Rb6 29. Ne4 Kg7 30. Nc5 a5 31. Ra1 Rb5 32. Kf1 Rb4 33. Nd3 Rxd4 34. Ke2 a4 35. Nc5 b5 36. Ne4 b4 37. Rxa4 Rxe4+ 0-1

[Event "Jastrzebie Zdroj op 4th"]
[Site "Jastrzebie Zdroj"]
[Date "2021.11.12"]
[Round "8"]
[White "Marcinowski, Marek"]
[Black "Wojs, Alicja"]
[Result "0-1"]
[WhiteElo "1740"]
[BlackElo "1375"]
[PlyCount "78"]
[EventDate "2021.11.07"]
[EventType "swiss"]
[EventRounds "9"]
[EventCountry "POL"]
[SourceTitle "CBM 205 Extra"]
[Source "ChessBase"]
[SourceDate "2022.01.31"]
[SourceVersion "1"]
[SourceVersionDate "2022.01.31"]
[SourceQuality "1"]

1. d4 d5 2. Nf3 Nf6 3. Bf4 Bf5 4. e3 e6 5. Nbd2 c6 6. Be2 Nbd7 7. Nh4 Bg6 8. Nxg6 hxg6 9. h3 Be7 10. 0-0 0-0 11. c4 Re8 12. Qb3 Qb6 13. c5 Qxb3 14. axb3 Bf8 15. Nf3 Ne4 16. Bd3 f5 17. b4 a6 18. Ne5 Nxe5 19. Bxe5 Be7 20. g4 Bf6 21. Bc7 Bd8 22. Be5 Bf6 23. Bh2 Nd2 24. Rfd1 Nf3+ 25. Kg2 Nxh2 26. Kxh2 e5 27. Bf1 exd4 28. exd4 Re4 29. gxf5 gxf5 30. Bd3 Rxd4 31. Bxf5 Rxb4 32. Rd2 Bxb2 33. Rg1 a5 34. Re2 Bf6 35. Bg6 Rb2 36. Re6 Bd4 37. Rge1 Rxf2+ 38. Kg3 Rff8 39. Re7 Bf2+ 0-1

[Event "Jastrzebie Zdroj op 4th"]
[Site "Jastrzebie Zdroj"]
[Date "2021.11.10"]
[Round "5"]
[White "Bulawa, Adam"]
[Black "Wojs, Alicja"]
[Result "0-1"]
[WhiteElo "1115"]
[BlackElo "1375"]
[PlyCount "82"]
[EventDate "2021.11.07"]
[EventType "swiss"]
[EventRounds "9"]
[EventCountry "POL"]
[SourceTitle "CBM 205 Extra"]
[Source "ChessBase"]
[SourceDate "2022.01.31"]
[SourceVersion "1"]
[SourceVersionDate "2022.01.31"]
[SourceQuality "1"]

1. e4 e6 2. d4 d5 3. e5 c5 4. c3 Qb6 5. Nf3 Nc6 6. Be2 cxd4 7. cxd4 Nh6 8. Bxh6 Qxb2 9. Nbd2 gxh6 10. Qc1 Ba3 11. Nb3 Qxc1+ 12. Nxc1 Bb2 13. Rb1 Bxd4 14. Bb5 Bc3+ 15. Kf1 Bd7 16. Ne2 Ba5 17. Ned4 Bb6 18. Bxc6 Bxc6 19. Nxc6 bxc6 20. Rc1 c5 21. g3 Ke7 22. Kg2 Rac8 23. h3 c4 24. Nh2 d4 25. Rhd1 Rhd8 26. Kf3 d3 27. Ke4 Bxf2 28. Ng4 Bxg3 29. Nxh6 Rd5 30. Ng4 h5 31. Ne3 Rxe5+ 32. Kf3 h4 33. Rxc4 Rxe3+ 34. Kxe3 Rxc4 35. Kxd3 Ra4 36. Rd2 e5 37. Ke2 f5 38. Rc2 e4 39. Kf1 Kd6 40. Kg2 f4 41. Rd2+ Ke5 0-1

[Event "POL-ch U12 Girls"]
[Site "Uniejow"]
[Date "2021.07.25"]
[Round "9"]
[White "Natoli, Alessia"]
[Black "Wojs, Alicja"]
[Result "1-0"]
[WhiteElo "1621"]
[BlackElo "1316"]
[PlyCount "91"]
[EventDate "2021.07.18"]
[EventType "swiss"]
[EventRounds "9"]
[EventCountry "POL"]
[SourceTitle "EXT 2022"]
[Source "ChessBase"]
[SourceDate "2021.10.06"]
[SourceVersion "1"]
[SourceVersionDate "2021.10.06"]
[SourceQuality "1"]

1. e4 e6 2. d4 d5 3. exd5 exd5 4. Nf3 Nf6 5. Bd3 c5 6. c3 Nc6 7. dxc5 Bxc5 8. 0-0 0-0 9. Nbd2 Bg4 10. h3 Bh5 11. Nb3 Bd6 12. Bg5 h6 13. Be3 Re8 14. Be2 Bc7 15. Nbd4 a6 16. Qc1 Qd6 17. g3 Qd7 18. Kg2 Rad8 19. Bd3 Ne4 20. Re1 Bg6 21. Qc2 f5 22. Ne2 Bf7 23. Rad1 Qe7 24. Nfd4 Nxd4 25. Bxd4 Qg5 26. Be3 Qg6 27. Nf4 Bxf4 28. Bxf4 Be6 29. f3 Nc5 30. Bf1 Qf7 31. Be5 Nd7 32. Bd4 f4 33. g4 h5 34. Bd3 Nf8 35. Bb6 Rc8 36. Bd4 Rcd8 37. Re5 hxg4 38. hxg4 Bd7 39. Rh5 Bb5 40. Rdh1 Qe7 41. Bh7+ Nxh7 42. Qxh7+ Kf8 43. Rf5+ Qf7 44. Rxf7+ Kxf7 45. Qxg7+ Ke6 46. Rh6# 1-0

[Event "Poronin Tatra Limba op-B"]
[Site "Poronin"]
[Date "2021.05.23"]
[Round "2.5"]
[White "Wojs, Alicja"]
[Black "Jozefik, Aleksander"]
[Result "0-1"]
[WhiteElo "1360"]
[BlackElo "1568"]
[PlyCount "78"]
[EventDate "2021.05.22"]
[EventType "swiss"]
[EventRounds "9"]
[EventCountry "POL"]
[SourceTitle "EXT 2022"]
[Source "ChessBase"]
[SourceDate "2021.10.06"]
[SourceVersion "1"]
[SourceVersionDate "2021.10.06"]
[SourceQuality "1"]

1. e4 c5 2. Nf3 Nc6 3. d4 cxd4 4. Nxd4 Nf6 5. Nc3 e5 6. Ndb5 d6 7. Bg5 a6 8. Na3 b5 9. Nd5 Be7 10. Bxf6 Bxf6 11. c3 Ne7 12. Nxe7 Bxe7 13. Nc2 Bb7 14. Bd3 d5 15. exd5 Qxd5 16. Ne3 Qc6 17. Qc2 Bc5 18. Rg1 Bxe3 19. fxe3 Qh6 20. 0-0-0 e4 21. Be2 Qxe3+ 22. Kb1 0-0 23. Rgf1 Rad8 24. Ka1 h6 25. Rxd8 Rxd8 26. Rd1 Rxd1+ 27. Qxd1 f5 28. a3 Kh7 29. Qd7 Qxe2 30. Qxb7 Qf1+ 31. Ka2 e3 32. Qxa6 e2 33. Qxb5 e1Q 34. a4 Qe6+ 35. b3 Qxg2+ 36. Ka3 Qxh2 37. a5 Qhd6+ 38. b4 Qd1 39. Qa4 Qa1# 0-1

[Event "POL-chT U20 2nd League"]
[Site "Sypniewo"]
[Date "2020.??.??"]
[Round "3.4"]
[White "Karaszewski, Gabriel"]
[Black "Wojs, Alicja"]
[Result "1/2-1/2"]
[WhiteElo "1614"]
[BlackElo "1392"]
[PlyCount "115"]
[EventDate "2020.10.23"]
[EventType "team-swiss"]
[EventRounds "9"]
[EventCountry "POL"]
[SourceTitle "CBM 199 Extra"]
[Source "ChessBase"]
[SourceDate "2021.01.31"]
[SourceVersion "1"]
[SourceVersionDate "2021.01.31"]
[SourceQuality "1"]

1. e4 e6 2. d4 d5 3. Bd3 c5 4. exd5 exd5 5. Nf3 Bg4 6. 0-0 Nf6 7. Re1+ Be7 8. dxc5 0-0 9. Nbd2 Bxc5 10. Nb3 Bb6 11. h3 Bh5 12. Be3 Nc6 13. g4 Bg6 14. Bxg6 hxg6 15. Nbd4 Ne4 16. c3 Bc7 17. Nxc6 bxc6 18. Qa4 Qf6 19. Kg2 Bb6 20. Bd4 Bxd4 21. Qxd4 Rab8 22. Re2 Rb6 23. Rc1 Rd8 24. c4 c5 25. Qxf6 Nxf6 26. cxd5 Nxd5 27. Kg3 Nb4 28. a3 Na6 29. Re7 Rxb2 30. Rxa7 Rb6 31. Kg2 Rdb8 32. Ne5 R8b7 33. Ra8+ Rb8 34. Rxb8+ Rxb8 35. Rc3 Rc8 36. Kf3 Kf8 37. Ke4 Ke7 38. Kd5 Nc7+ 39. Kc6 Ne6+ 40. Kb7 Rc7+ 41. Kb6 Kd6 42. Nd3 Rc6+ 43. Kb5 Nc7+ 44. Kc4 Nd5 45. Rc1 Nb6+ 46. Kb5 Nd7 47. Rd1 Rb6+ 48. Kc4 Kc6 49. Re1 Kd6 50. f4 f6 51. g5 Ra6 52. Kb3 Rb6+ 53. Ka2 Rb8 54. gxf6 gxf6 55. Rg1 Rh8 56. Rg3 Kd5 57. Nf2 Rh4 58. Rf3 1/2-1/2

[Event "POL-chT U20 2nd League"]
[Site "Sypniewo"]
[Date "2020.??.??"]
[Round "5.34"]
[White "Wojs, Alicja"]
[Black "Lewek, Jakub"]
[Result "1-0"]
[WhiteElo "1392"]
[BlackElo "1260"]
[PlyCount "75"]
[EventDate "2020.10.23"]
[EventType "team-swiss"]
[EventRounds "9"]
[EventCountry "POL"]
[SourceTitle "CBM 199 Extra"]
[Source "ChessBase"]
[SourceDate "2021.01.31"]
[SourceVersion "1"]
[SourceVersionDate "2021.01.31"]
[SourceQuality "1"]

1. e4 e5 2. Nf3 Nc6 3. Nc3 Nf6 4. d4 exd4 5. Nxd4 Bb4 6. Nxc6 bxc6 7. Bd3 0-0 8. 0-0 Re8 9. Bg5 Bxc3 10. bxc3 d5 11. exd5 cxd5 12. Bxf6 Qxf6 13. Qh5 h6 14. Qxd5 Bg4 15. Qc4 Bh5 16. Qxc7 Rec8 17. Qa5 Bg4 18. Be4 Rab8 19. Qxa7 Qxc3 20. Rab1 Rxb1 21. Rxb1 Rd8 22. a4 Qf6 23. h3 Be6 24. Bd3 Qg5 25. Qe3 Qa5 26. Qe4 Bd5 27. Qh7+ Kf8 28. Qh8+ Ke7 29. Qxg7 Qxa4 30. Qxh6 Rg8 31. Qe3+ Kd6 32. Rb6+ Kc7 33. Qc5+ Bc6 34. Rb1 Rxg2+ 35. Kf1 Qh4 36. Qe5+ Kd7 37. Bf5+ Kd8 38. Rb8# 1-0